Statistics for Clairo's Songs

Click here to take the quiz!

General Stats

  • This quiz has been taken 83 times
    (82 since last reset)
  • The average score is 24 of 39

Answer Stats

HintAnswer% Correct
ImmunityBags
93%
ImmunitySofia
93%
SlingAmoeba
87%
ImmunityAlewife
81%
diary 001Flaming Hot Cheetos
81%
diary 001Pretty Girl
81%
SlingBlouse
79%
SingleBubble Gum
76%
ImmunitySoftly
75%
diary 0014EVER
72%
SlingBambi
72%
SlingZinnias
72%
ImmunityI Wouldn't Ask You
70%
ImmunityNorth
70%
ImmunityWhite Flag
70%
ImmunityImpossible
67%
SlingJoanie
67%
SlingHarbor
66%
diary 001Hello?
66%
SlingManagement
64%
ImmunitySinking
63%
ImmunityCloser To You
61%
SlingPartridge
61%
SlingReaper
61%
SingleSis
60%
ImmunityFeel Something
58%
SlingWade
58%
SlingJust For Today
57%
diary 001How - demo
55%
SlingLittle Changes
55%
diary 001B.O.M.D
52%
SingleHeaven
49%
Single2 Hold U
48%
SingleGet With U
45%
SingleDrown
40%
SingleI Don't Think I Can Do This Again
40%
SingleBetter
36%
SingleAfter Midnight
28%
SingleGlue Song (with beabadoobee)
9%

Score Distribution

Percentile by Number Answered

Percent of People with Each Score

Your Score History

You have not taken this quiz since the last reset